000 00789nam a22002177a 4500
999 _c167244
_d167244
005 20190917105856.0
010 _aB-706486
020 _a9780143418658
_c250.00
035 _aB-706486
035 _aB-730007
037 _bDBAD/PUB
_adpl
082 _a920.054
100 _aMurty, Sudha
245 _aThe day i stopped drinking milk:
_blife stories from here and there /
_cby Sudha Murty
260 _aNew Delhi
_bPenguin Books
_c2012
270 _a7th Floor, Infinity Tower C, DLF Cyber City
_bGurgaon (Haryana)
_e122002
300 _ax, 212p.
_c20cm(pbk)
942 _2ddc
_cCH
_mMUR
_h920.054